Micromorfologia de horizonte B de latossolos do Sudeste e Sul do Brasil (Registro n. 337006)
[ somente texto ]
| 000 -LÍDER | |
|---|---|
| campo de controle de tamanho fixo | 01228naa a22002777a 4500 |
| 001 - NÚMERO DE CONTROLE | |
| campo de controle | BR9406895 |
| 003 - IDENTIFICADOR DO NÚMERO DE CONTROLE | |
| campo de controle | BR-BrBNA |
| 005 - DATA E HORÁRIO DA ÚLTIMA TRANSAÇÃO | |
| campo de controle | 20250721155526.0 |
| 007 - CAMPO FIXO DE DESCRIÇÃO FÍSICA--INFORMAÇÃO GERAL | |
| campo de controle de tamanho fixo | ta |
| 008 - CAMPO DE DADOS FIXOS--INFORMAÇÃO GERAL | |
| campo de controle de tamanho fixo | 250630b bl.|||m| |||| 00| 0 por d |
| 040 ## - FONTE DA CATALOGAÇÃO | |
| Instituição da catalogação original | BR-BrBNA |
| Idioma da catalogação | por |
| Instituição que transcreveu o registro | Biblioteca Nacional de Agricultura |
| 041 ## - CÓDIGO DE IDIOMA | |
| Código do idioma do texto/trilha sonora ou título diferente | (Pt) |
| 072 ## - CÓDIGO DE CATEGORIA DE ASSUNTO | |
| Código de Categoria de Assunto | P33 |
| 090 ## - NÚMERO DE CHAMADA LOCAL | |
| Número de chamada | P33 BR9406895 |
| 100 1# - ENTRADA PRINCIPAL--NOME PESSOAL | |
| Nome pessoal | Lima, P.C. de |
| 111 1# - ENTRADA PRINCIPAL--NOME DO EVENTO | |
| Nome do evento ou lugar | 3. Reuniao de Classificacao, Correlacao de Solos e Interpretacao de Aptidao Agricola |
| Local do evento | Rio de Janeiro, RJ (Brazil) |
| Data do evento ou assinatura do tratado | 22-28 Sep 1988 |
| 245 1# - TÍTULO | |
| Título | Micromorfologia de horizonte B de latossolos do Sudeste e Sul do Brasil |
| 490 ## - TÍTULO DA SÉRIE | |
| Título da série | Documentos - Servico Nacional de Levantamento e Conservacao de Solos (Brazil) |
| Número do volume ou designação sequencial da série | no. 12 |
| 500 ## - NOTA GERAL | |
| Nota geral | Anais da 3. Reuniao de Classificacao, Correlacao de Solos e Interpretacao de Aptidao Agricola<br/>Rio de Janeiro, RJ (Brasil): 1988. p. 391-411 [Summaries (En, Pt); 5 ref.]<br/>(BR9406895-AMS)<br/> |
| 650 ## - ASSUNTO--TERMO TÓPICO | |
| Cabeçalho tópico ou nome geográfico | Latossolo |
| 650 ## - ASSUNTO--TERMO TÓPICO | |
| Cabeçalho tópico ou nome geográfico | Horizonte |
| 650 ## - ASSUNTO--TERMO TÓPICO | |
| Cabeçalho tópico ou nome geográfico | Analise do Solo |
| 773 0# - ENTRADA ANALÍTICA | |
| Título | Anais da 3. Reuniao de Classificacao, Correlacao de Solos e Interpretacao de Aptidao Agricola |
| Número de controle do registro | P33 BR9406895 |
| Partes relacionadas | Rio de Janeiro, RJ (Brasil), 1988. p. 391-411 |
| 942 ## - ELEMENTOS DE ENTRADA ADICIONADOS (KOHA) | |
| Tipo de material Koha | Analítica de Monografia Seriada |
| Fonte da classificação ou esquema de arquivamento na estante | Classificação AGRIS |
| 909 ## - | |
| -- | 202506 |
| -- | Lúcia |
| -- | 55 |
| -- | Lúcia Elande |
| Situação do descarte | Fonte da classificação ou esquema de arquivamento na estante | Situação física | Não pode ser emprestado | Coleção | Biblioteca de origem | Biblioteca atual | Total de empréstimos | Data de último acesso | Número do exemplar | Tipo de material Koha | Situação das perdas | Data de aquisição | Fonte de aquisição |
|---|---|---|---|---|---|---|---|---|---|---|---|---|---|
| Classificação AGRIS | Biblioteca Nacional de Agricultura - Binagri | Biblioteca Nacional de Agricultura - Binagri | 30/06/2025 | 01 | Analítica de Monografia Seriada | 2025-06-30 | Portaria Interministerial nº 164/94 |

BINAGRI